000 00825cam a22002653a 4500
001 27347
003 PGUSA
005 20140828083606.0
008 081128s2008||||xxu|||||s|||||000 | eng d
040 _aPGUSA
_beng
042 _adc
050 4 _aCB
100 1 _aDickinson, G. Lowes
_q(Goldsworthy Lowes),
_d1862-1932
245 1 0 _aAppearances :
_bBeing Notes of Travel
_h[electronic resource] /
_cG. Lowes Dickinson
260 _bProject Gutenberg,
_c2008
505 0 _aIndia -- China -- Japan -- America.
506 _aPublic domain in the USA.
516 _aElectronic text
653 _aEast Asia -- Description and travel
653 _aUnited States -- Civilization
653 _aCivilization, Oriental
830 0 _aProject Gutenberg
_v27347
856 4 0 _uhttp://www.gutenberg.org/ebooks/27347
942 _cEB
999 _c256602
_d256602